[Event "TCh-FRA Top 12 2021"]
[Site "Chalons en Champagne FRA"]
[Date "2021.07.01"]
[Round "8.4"]
[Board "1"]
[White "Vocaturo, Daniele"]
[Black "Cheparinov, Ivan"]
[Result "1-0"]
[WhiteTitle "GM"]
[BlackTitle "GM"]
[WhiteElo "2617"]
[BlackElo "2667"]
[WhiteTeam "Clichy Echecs 92"]
[BlackTeam "Bischwiller"]
[WhiteFideId "813192"]
[BlackFideId "2905540"]
[EventDate "2021.06.24"]

1. d4 Nf6 2. c4 g6 3. Nc3 d5 4. cxd5 Nxd5 5. e4 Nxc3 6. bxc3 Bg7 7. Nf3 c5 8.
Bb5+ Nc6 9. d5 Qa5 10. Rb1 Bxc3+ 11. Bd2 a6 12. Ba4 b5 13. dxc6 bxa4 14. Qc1
Bxd2+ 15. Qxd2 Qxd2+ 16. Kxd2 Be6 17. Rhc1 Bxa2 18. Rb7 f6 19. Rxc5 Kf7 20. Nd4
Be6 21. Ra5 Rhc8 22. Rxa4 a5 23. Rb5 Rcb8 24. Rxb8 Rxb8 25. Rxa5 Bc8 26. Ra7 Ke8
27. f4 e5 28. fxe5 fxe5 29. Nf3 1-0

[Event "TCh-FRA Top 12 2021"]
[Site "Chalons en Champagne FRA"]
[Date "2021.07.01"]
[Round "8.4"]
[Board "2"]
[White "Ragger, Markus"]
[Black "Van Foreest, Jorden"]
[Result "1/2-1/2"]
[WhiteTitle "GM"]
[BlackTitle "GM"]
[WhiteElo "2680"]
[BlackElo "2701"]
[WhiteTeam "Bischwiller"]
[BlackTeam "Clichy Echecs 92"]
[WhiteFideId "1610856"]
[BlackFideId "1039784"]
[EventDate "2021.06.24"]

1. e4 c5 2. Nf3 Nc6 3. Bb5 e6 4. O-O Nd4 5. Nxd4 cxd4 6. c3 a6 7. Be2 Bc5 8. d3
Ne7 9. Nd2 Nc6 10. Nb3 Ba7 11. cxd4 Nxd4 12. Be3 Nxb3 13. Qxb3 Bxe3 14. fxe3 O-O
15. Rac1 1/2-1/2

[Event "TCh-FRA Top 12 2021"]
[Site "Chalons en Champagne FRA"]
[Date "2021.07.01"]
[Round "8.4"]
[Board "3"]
[White "Van Wely, Loek"]
[Black "Naiditsch, Arkadij"]
[Result "1/2-1/2"]
[WhiteTitle "GM"]
[BlackTitle "GM"]
[WhiteElo "2620"]
[BlackElo "2649"]
[WhiteTeam "Clichy Echecs 92"]
[BlackTeam "Bischwiller"]
[WhiteFideId "1000268"]
[BlackFideId "4650891"]
[EventDate "2021.06.24"]

1. Nf3 d5 2. g3 g6 3. Bg2 Bg7 4. d4 Nf6 5. c4 dxc4 6. Na3 c5 7. Nxc4 Nc6 8. Be3
Qd5 9. Rc1 cxd4 10. Bxd4 Nxd4 11. Qxd4 O-O 12. O-O Qxd4 13. Nxd4 Rb8 14. Rfd1
Rd8 15. Na5 Rd6 16. b4 Bf8 17. a3 e5 18. Ndb3 Rxd1+ 19. Rxd1 Be6 20. Nc5 Bxc5
21. bxc5 e4 22. f3 Nd7 23. Rc1 b6 24. Nc6 Ra8 25. cxb6 axb6 26. Rc3 exf3 27.
Bxf3 Ra4 28. Nd8 Bf5 29. Rb3 Nc5 30. Rxb6 Rxa3 31. Rb5 Ne6 32. Nxe6 Bxe6 33. Kf2 1/2-1/2

[Event "TCh-FRA Top 12 2021"]
[Site "Chalons en Champagne FRA"]
[Date "2021.07.01"]
[Round "8.4"]
[Board "4"]
[White "Bacrot, Etienne"]
[Black "Delorme, Axel"]
[Result "1/2-1/2"]
[WhiteTitle "GM"]
[BlackTitle "GM"]
[WhiteElo "2678"]
[BlackElo "2480"]
[WhiteTeam "Bischwiller"]
[BlackTeam "Clichy Echecs 92"]
[WhiteFideId "605506"]
[BlackFideId "632023"]
[EventDate "2021.06.24"]

1. e4 e5 2. Nf3 Nc6 3. Bc4 Nf6 4. d3 Bc5 5. c3 d6 6. O-O a6 7. a4 Ba7 8. Re1 Be6
9. Bxe6 fxe6 10. Be3 Bxe3 11. Rxe3 O-O 12. b4 Qd7 13. Nbd2 Ne7 14. d4 Ng6 15. g3
h6 16. Rd3 exd4 17. cxd4 Rae8 18. Rc1 e5 19. dxe5 Nxe5 20. Nxe5 Rxe5 21. f4 Re7
22. e5 Ne8 23. Nf3 Qg4 24. Qb3+ Kh8 25. exd6 cxd6 26. Rd4 Nf6 27. Re1 1/2-1/2

[Event "TCh-FRA Top 12 2021"]
[Site "Chalons en Champagne FRA"]
[Date "2021.07.01"]
[Round "8.4"]
[Board "5"]
[White "Tregubov, Pavel V."]
[Black "Maze, Sebastien"]
[Result "1/2-1/2"]
[WhiteTitle "GM"]
[BlackTitle "GM"]
[WhiteElo "2557"]
[BlackElo "2539"]
[WhiteTeam "Clichy Echecs 92"]
[BlackTeam "Bischwiller"]
[WhiteFideId "4115341"]
[BlackFideId "613762"]
[EventDate "2021.06.24"]

1. e4 e5 2. Nf3 Nc6 3. Bb5 Nf6 4. O-O Nxe4 5. Re1 Nd6 6. Ba4 Be7 7. Nc3 O-O 8.
d4 e4 9. Nxe4 Nxe4 10. Rxe4 d5 11. Re1 Bd6 12. Bxc6 bxc6 13. Ne5 Qf6 14. c3 Re8
15. Qh5 Qf5 16. Qxf5 Bxf5 17. Be3 c5 18. Nc6 c4 19. b3 f6 20. bxc4 dxc4 21. d5
a6 22. a4 Kf7 23. f3 h5 24. Kf2 h4 25. g3 g5 26. Kg2 hxg3 27. hxg3 Rh8 28. Rh1
Rxh1 29. Rxh1 Re8 30. Bf2 Kg7 31. Re1 Rxe1 32. Bxe1 Bd7 33. Kf2 f5 34. Ke2 Kf6
35. Nb8 Bc8 36. Nc6 Bb7 37. g4 Bxc6 38. dxc6 f4 39. Bf2 Be5 40. Kd2 Ke6 41. Bc5
Bf6 42. Kc2 Kd5 43. Bf2 Kxc6 44. Kb2 Kd5 45. Bg1 c5 1/2-1/2

[Event "TCh-FRA Top 12 2021"]
[Site "Chalons en Champagne FRA"]
[Date "2021.07.01"]
[Round "8.4"]
[Board "6"]
[White "Fressinet, Laurent"]
[Black "Hamdouchi, Hicham"]
[Result "1-0"]
[WhiteTitle "GM"]
[BlackTitle "GM"]
[WhiteElo "2638"]
[BlackElo "2561"]
[WhiteTeam "Bischwiller"]
[BlackTeam "Clichy Echecs 92"]
[WhiteFideId "608742"]
[BlackFideId "9000011"]
[EventDate "2021.06.24"]

1. d4 d5 2. Nf3 Nf6 3. c4 c6 4. e3 e6 5. Bd3 Nbd7 6. b3 g6 7. O-O Bg7 8. Ba3 Ne4
9. cxd5 exd5 10. Bxe4 dxe4 11. Nfd2 Nf6 12. Nc3 Bf5 13. Qc2 Bf8 14. Bxf8 Kxf8
15. Ndxe4 Nxe4 16. Nxe4 Qe7 17. f3 Re8 18. Qf2 Kg7 19. Nc5 b6 20. e4 bxc5 21.
exf5 cxd4 22. Qxd4+ Qe5 23. Qxe5+ Rxe5 24. fxg6 hxg6 25. Rac1 Re6 26. Rfe1 Rxe1+
27. Rxe1 Rd8 28. Kf2 Rd5 29. Re2 Kf8 30. h4 Rc5 31. Kg3 Ra5 32. Kf4 Rf5+ 33. Ke3
Ra5 34. Kd3 Rd5+ 35. Kc3 Rc5+ 36. Kb2 Rh5 37. Re4 Rd5 38. Kc3 Rd1 39. Re2 Rh1
40. Kb4 Rxh4+ 41. Kc5 g5 42. Kxc6 g4 43. Kb7 g3 44. Kxa7 Rh1 45. f4 Rf1 46. Re3
Rf2 47. Rxg3 Rxa2+ 48. Kb6 Rf2 49. b4 Rxf4 50. b5 Ke7 51. Rd3 Rf2 52. g3 f5 53.
Kc7 Rc2+ 54. Kb7 Rh2 55. b6 1-0

[Event "TCh-FRA Top 12 2021"]
[Site "Chalons en Champagne FRA"]
[Date "2021.07.01"]
[Round "8.4"]
[Board "7"]
[White "Kosteniuk, Alexandra"]
[Black "Bellahcene, Bilel"]
[Result "1-0"]
[WhiteTitle "GM"]
[BlackTitle "GM"]
[WhiteElo "2472"]
[BlackElo "2499"]
[WhiteTeam "Clichy Echecs 92"]
[BlackTeam "Bischwiller"]
[WhiteFideId "4128125"]
[BlackFideId "696358"]
[EventDate "2021.06.24"]

1. e4 e6 2. d4 d5 3. Nc3 Nf6 4. Bg5 Be7 5. e5 Nfd7 6. h4 h6 7. Bxe7 Qxe7 8. Nf3
a6 9. Qd2 c5 10. dxc5 Nxc5 11. Qf4 Nc6 12. O-O-O b5 13. Nd4 Nxd4 14. Rxd4 O-O
15. g4 Bb7 16. g5 h5 17. Be2 g6 18. Rg1 Rac8 19. Bd1 Qc7 20. Qe3 Nd7 21. f4 Nb6
22. Ne2 Nc4 23. Qg3 b4 24. Rd3 d4 25. Rxd4 Qa5 26. Kb1 Be4 27. Nc1 Bf5 28. Rg2
Qb6 29. Qf2 a5 30. Nd3 a4 31. b3 axb3 32. axb3 Na3+ 33. Kc1 Bxd3 34. Rxd3 Qa6
35. Qd4 Qa5 36. Qa1 Kg7 37. f5 gxf5 38. g6 fxg6 39. Rdg3 Qc5 40. Rxg6+ Kh7 41.
R6g5 Qe3+ 42. Kb2 Qxe5+ 43. Ka2 Qxa1+ 44. Kxa1 Rf6 45. Rg7+ Kh8 46. Rb7 Rd8 47.
Bf3 Rd4 48. Kb2 Rxh4 49. Rgg7 Rh3 50. Rh7+ Kg8 51. Bxh5 f4 52. Rhg7+ Kh8 53.
Rgc7 Rg3 54. Rxb4 Rf5 55. Be2 f3 56. Bd3 1-0

[Event "TCh-FRA Top 12 2021"]
[Site "Chalons en Champagne FRA"]
[Date "2021.07.01"]
[Round "8.4"]
[Board "8"]
[White "Sebag, Marie"]
[Black "Benmesbah, Natacha"]
[Result "1-0"]
[WhiteTitle "GM"]
[BlackTitle "WIM"]
[WhiteElo "2438"]
[BlackElo "2223"]
[WhiteTeam "Bischwiller"]
[BlackTeam "Clichy Echecs 92"]
[WhiteFideId "617822"]
[BlackFideId "642002"]
[EventDate "2021.06.24"]

1. e4 c5 2. Nf3 Nc6 3. c3 Nf6 4. e5 Nd5 5. d4 cxd4 6. cxd4 g6 7. Qb3 e6 8. Nc3
Nxc3 9. bxc3 b6 10. Bd3 Bb7 11. O-O Rc8 12. Ng5 Be7 13. Ne4 Na5 14. Qd1 Bxe4 15.
Bxe4 Rxc3 16. d5 O-O 17. Qd2 Rc4 18. Bd3 Bb4 19. Qe3 Rc5 20. Rb1 Bc3 21. Ba3
Rxd5 22. Bxf8 Qxf8 23. Be4 Bd4 24. Qd2 Nc4 25. Qe2 Rxe5 26. Qxc4 Rxe4 27. Qc7 d5
28. Qxa7 Re2 29. Rb3 Bc5 30. a4 Ra2 31. Qd7 Qe7 32. Qc6 Kf8 33. Rh3 Kg7 34. Rf3
Qa7 35. Qe8 Ra3 36. Rxa3 Bxa3 37. Qb5 Qa5 38. Rb1 Bc5 39. Qxa5 bxa5 40. Rb5 Bb4
41. Kf1 Bc3 42. Ke2 h6 43. Kd3 Be1 44. f4 g5 45. f5 exf5 46. Rb1 Bf2 47. Rf1 Bb6
48. Rxf5 Bc5 49. Rxd5 Bb4 50. Rb5 Be1 51. g4 Kg6 52. Rb6+ f6 53. Ke4 Bc3 54. Rc6
Be1 55. h3 Bd2 56. Kd5 Bb4 57. Ke6 Ba3 58. Rc8 1-0

[Event "TCh-FRA Top 12 2021"]
[Site "Chalons en Champagne FRA"]
[Date "2021.07.01"]
[Round "8.5"]
[Board "1"]
[White "Alonso Rosell, Alvar"]
[Black "Anton Guijarro, David"]
[Result "1/2-1/2"]
[WhiteTitle "GM"]
[BlackTitle "GM"]
[WhiteElo "2572"]
[BlackElo "2673"]
[WhiteTeam "Club 608 Paris"]
[BlackTeam "Echiquier Chalonnais"]
[WhiteFideId "2270544"]
[BlackFideId "2285525"]
[EventDate "2021.06.24"]

1. d4 d5 2. c4 e6 3. Nc3 Bb4 4. Nf3 Nf6 5. cxd5 exd5 6. Bg5 h6 7. Bh4 O-O 8. e3
Bf5 9. Qb3 Bxc3+ 10. bxc3 Nbd7 11. Be2 c5 12. dxc5 Nxc5 13. Qb4 Rc8 14. O-O g5
15. Bg3 Re8 16. Rfd1 Nfe4 17. c4 Qf6 18. cxd5 Nc3 19. Nd4 Nxd1 20. Rxd1 Bd7 21.
d6 b6 22. Nb5 h5 23. h4 a5 24. hxg5 Qxg5 25. Qh4 Qxh4 26. Bxh4 Re4 27. Bf6 Re6 1/2-1/2

[Event "TCh-FRA Top 12 2021"]
[Site "Chalons en Champagne FRA"]
[Date "2021.07.01"]
[Round "8.5"]
[Board "2"]
[White "Edouard, Romain"]
[Black "Ramirez Garcia, Jorge Alberto"]
[Result "1/2-1/2"]
[WhiteTitle "GM"]
[BlackTitle "FM"]
[WhiteElo "2598"]
[BlackElo "2305"]
[WhiteTeam "Echiquier Chalonnais"]
[BlackTeam "Club 608 Paris"]
[WhiteFideId "633429"]
[BlackFideId "5108101"]
[EventDate "2021.06.24"]

1. d4 d5 2. c4 e6 3. Nf3 Nf6 4. Nc3 Be7 5. Bf4 O-O 6. Qc2 c6 7. e3 b6 8. Rd1
Nbd7 9. Bd3 Bb7 10. O-O c5 11. cxd5 exd5 12. dxc5 bxc5 13. Ne5 h6 14. Be2 Nb6
15. Bf3 Qc8 16. a4 Rd8 17. a5 d4 18. exd4 cxd4 19. axb6 Bxf3 20. gxf3 dxc3 21.
Qb3 Rxd1 22. Rxd1 axb6 23. Qxf7+ Kh7 24. Bxh6 Bf8 25. Qg6+ Kg8 26. bxc3 Qxc3 27.
Qf7+ Kh7 28. Ng6 Kxh6 29. Nxf8 Qc2 30. Re1 Ra5 31. h4 Qf5 32. Re7 Nh5 33. Re6+
Nf6 34. Re7 Nh5 35. Qg8 Ra1+ 36. Kh2 Rh1+ 37. Kxh1 Qxf3+ 38. Kg1 Qg4+ 39. Kf1
Qh3+ 40. Ke1 Qc3+ 41. Kd1 Qd3+ 42. Kc1 Qc3+ 43. Kb1 Qb4+ 44. Kc2 Qc5+ 45. Kd1
Qd4+ 46. Ke2 Qg4+ 47. Ke1 Qg1+ 48. Kd2 Qxf2+ 49. Re2 Qd4+ 50. Kc2 Qc5+ 51. Kb1
Qb4+ 52. Kc2 Qc5+ 53. Kb3 Qb5+ 54. Kc3 Qc5+ 55. Kb2 Qb4+ 56. Qb3 Qxf8 57. Re6+
Nf6 58. Qe3+ Kh7 59. Qd3+ Kh6 60. Rd6 Qe7 61. Kb3 Qf7+ 62. Kb4 Qh5 63. Rd8 Qxh4+
64. Kb5 Qe4 65. Qg3 Qf5+ 66. Ka6 Qg4 67. Qe3+ Kg6 68. Qb3 Qe2+ 69. Rd3 Kh7 70.
Qc4 Qe4 71. Rd4 Qa8+ 72. Kxb6 Qb8+ 73. Ka6 Qa8+ 74. Kb5 Qb7+ 75. Ka4 Qa8+ 76.
Kb4 Qb8+ 77. Ka3 Qa8+ 78. Kb2 Qb7+ 79. Kc3 Qb1 80. Qa4 Qc1+ 81. Kb4 Qb2+ 82. Ka5
Qc3+ 83. Kb6 Qb2+ 84. Ka7 Qf2 85. Kb8 Qb2+ 86. Kc8 Qc1+ 87. Kd8 Qb1 88. Rh4+ Kg6
89. Rb4 Qf5 90. Rd4 Qb1 91. Kc8 Qc1+ 92. Kb8 Qb1+ 93. Rb4 Qd3 94. Rb7 Qd6+ 95.
Ka8 Qd5 96. Qa1 Qe4 97. Qa3 Qe8+ 98. Ka7 Qe4 99. Qb2 Qa4+ 100. Kb6 Nd7+ 101. Kc7
Nf6 102. Qd2 Qc4+ 103. Kb8 Qe4 104. Qa2 Qe5+ 105. Ka8 Qe8+ 106. Ka7 Qe3+ 107.
Rb6 Qe7+ 108. Ka6 Qe5 109. Qg2+ Qg5 110. Qc6 Kh7 111. Rb4 Qf5 112. Rd4 Qf1+ 113.
Kb7 Qb1+ 114. Kc7 Qf5 115. Qc4 Qe5+ 116. Kb7 Qf5 117. Qe2 Kg6 118. Ka6 Kh7 119.
Rb4 Kg6 120. Rb7 Qe4 121. Qb5 Qd5 122. Qb1+ Qe4 123. Qd1 Qc6+ 124. Ka7 Qc5+ 125.
Ka6 1/2-1/2

[Event "TCh-FRA Top 12 2021"]
[Site "Chalons en Champagne FRA"]
[Date "2021.07.01"]
[Round "8.5"]
[Board "3"]
[White "Song, Julien"]
[Black "Jones, Gawain C B"]
[Result "0-1"]
[WhiteTitle "IM"]
[BlackTitle "GM"]
[WhiteElo "2328"]
[BlackElo "2677"]
[WhiteTeam "Club 608 Paris"]
[BlackTeam "Echiquier Chalonnais"]
[WhiteFideId "659487"]
[BlackFideId "409561"]
[EventDate "2021.06.24"]

1. d4 Nf6 2. c4 g6 3. Nc3 Bg7 4. e4 d6 5. Nf3 O-O 6. Be2 e5 7. O-O Nbd7 8. Re1
Re8 9. Bf1 a6 10. Rb1 exd4 11. Nxd4 c6 12. Bf4 Ne5 13. h3 Nh5 14. Bh2 Qf6 15.
Nde2 Bh6 16. Ng3 Nf4 17. Kh1 Be6 18. b3 b5 19. cxb5 axb5 20. Qd4 b4 21. Na4 c5
22. Qd1 Bd7 23. Nb6 Rxa2 24. Nxd7 Nxd7 25. Bb5 Nxg2 26. Bxd7 Nxe1 27. Nf5 Rxe4
28. Nxh6+ Kg7 29. Ng4 Rxg4 30. Qxg4 Nd3 31. Rf1 Rxf2 32. Rg1 Qb2 33. Rg2 Rf1+
34. Bg1 Nf2+ 35. Rxf2 Qxf2 36. Qg2 Qxg2+ 37. Kxg2 Rb1 38. Ba4 Kf6 39. Be3 Ke5
40. Kf3 c4 41. Bf4+ Ke6 42. bxc4 b3 43. Ke2 b2 44. Bd2 Rc1 0-1

[Event "TCh-FRA Top 12 2021"]
[Site "Chalons en Champagne FRA"]
[Date "2021.07.01"]
[Round "8.5"]
[Board "4"]
[White "Velten, Paul"]
[Black "Baillon, Olivier"]
[Result "1-0"]
[WhiteTitle "GM"]
[WhiteElo "2482"]
[BlackElo "2213"]
[WhiteTeam "Echiquier Chalonnais"]
[BlackTeam "Club 608 Paris"]
[WhiteFideId "681091"]
[BlackFideId "616141"]
[EventDate "2021.06.24"]

1. d4 d5 2. c4 e6 3. Nf3 Nf6 4. Nc3 Bb4 5. cxd5 exd5 6. Bg5 h6 7. Bh4 Bf5 8. Qb3
Nc6 9. e3 O-O 10. Bb5 g5 11. Bg3 Ne4 12. Bxc6 Bxc3+ 13. bxc3 bxc6 14. Qb7 Nxg3
15. hxg3 Qd6 16. Ne5 f6 17. Nxc6 a5 18. Qb5 Kg7 19. c4 Bd7 20. cxd5 Rfb8 21. Qc4
Rb6 22. Rc1 Bxc6 23. dxc6 Rb4 24. Qc2 Rab8 25. O-O R8b6 26. Qe4 R4b5 27. Rc2 f5
28. Qe8 Rd5 29. Rfc1 f4 30. gxf4 gxf4 31. exf4 Qxf4 32. Re1 Rf5 33. g3 Qf3 34.
Re7+ Rf7 35. Rxf7+ Qxf7 36. Qe5+ Kg6 37. Kg2 1-0

[Event "TCh-FRA Top 12 2021"]
[Site "Chalons en Champagne FRA"]
[Date "2021.07.01"]
[Round "8.5"]
[Board "5"]
[White "Hirth, Julien"]
[Black "David, Alberto"]
[Result "0-1"]
[BlackTitle "GM"]
[WhiteElo "2048"]
[BlackElo "2527"]
[WhiteTeam "Club 608 Paris"]
[BlackTeam "Echiquier Chalonnais"]
[WhiteFideId "636606"]
[BlackFideId "4000013"]
[EventDate "2021.06.24"]

1. e4 c6 2. d4 d5 3. e5 Bf5 4. h4 h5 5. Bd3 Bxd3 6. Qxd3 Qa5+ 7. Nd2 e6 8. Nf3
Nh6 9. O-O Qa6 10. c4 Nd7 11. b3 Nf5 12. a4 Bb4 13. Ba3 Bxa3 14. Rxa3 O-O 15.
Rb1 c5 16. dxc5 Nxc5 17. Qe2 dxc4 18. b4 Nd7 19. Nxc4 Qc6 20. b5 Qc5 21. Ng5
Nxe5 22. Nxe5 Qxa3 23. Nexf7 Rxf7 24. Qxe6 Nh6 25. Qg6 Qa2 26. Qh7+ Kf8 27. Nxf7
Qxf7 28. Qe4 Kg8 29. Re1 Rf8 30. Qd4 b6 31. Re2 Nf5 32. Qf4 Qf6 33. Qc7 Qxh4 34.
Qxa7 Nd4 35. Rd2 Qe4 36. Rd1 Ne2+ 0-1

[Event "TCh-FRA Top 12 2021"]
[Site "Chalons en Champagne FRA"]
[Date "2021.07.01"]
[Round "8.5"]
[Board "6"]
[White "Guilleux, Fabien"]
[Black "Lemonnier, Remi"]
[Result "1-0"]
[WhiteTitle "IM"]
[WhiteElo "2448"]
[BlackElo "2125"]
[WhiteTeam "Echiquier Chalonnais"]
[BlackTeam "Club 608 Paris"]
[WhiteFideId "657883"]
[BlackFideId "648280"]
[EventDate "2021.06.24"]

1. d4 f5 2. Nc3 Nf6 3. Bg5 d5 4. Bxf6 exf6 5. e3 Be6 6. Bb5+ Nc6 7. Bxc6+ bxc6
8. Nge2 g5 9. Na4 Bd6 10. Qd3 Kf7 11. O-O-O Qe7 12. h4 h5 13. Kb1 Rab8 14. g3
Rb5 15. Nc1 Rb4 16. Qa6 Rhb8 17. Nd3 Bc8 18. Qxa7 R8b7 19. Qa8 Rb8 20. Qxc6 Rc4
21. Nac5 Be6 22. hxg5 Kg6 23. gxf6 Qh7 24. Nf4+ Bxf4 25. gxf4 Bf7 26. Rdg1+ Kh6
27. Qxc7 Qh8 28. Qxf7 Rxb2+ 29. Kxb2 1-0

[Event "TCh-FRA Top 12 2021"]
[Site "Chalons en Champagne FRA"]
[Date "2021.07.01"]
[Round "8.5"]
[Board "7"]
[White "Mendeiros, Jerome"]
[Black "Bournel, Antoine"]
[Result "0-1"]
[WhiteElo "2134"]
[BlackElo "2293"]
[WhiteTeam "Club 608 Paris"]
[BlackTeam "Echiquier Chalonnais"]
[WhiteFideId "607975"]
[BlackFideId "26093553"]
[EventDate "2021.06.24"]

1. e4 c6 2. d4 d5 3. e5 Bf5 4. Nd2 e6 5. Nb3 a6 6. Nf3 Nd7 7. Be2 c5 8. dxc5
Nxc5 9. Nbd4 Bg4 10. O-O Ne7 11. h3 Bxf3 12. Nxf3 Nc6 13. Bf4 Be7 14. Re1 b5 15.
c3 Qc7 16. Nd4 O-O 17. Bg4 Na4 18. Qe2 Qb6 19. Be3 Bc5 20. Nxc6 Qxc6 21. Bg5
Rab8 22. a3 Rfc8 23. Rac1 Bf8 24. Kh1 Qc4 25. Qd2 Qb3 26. Rb1 Nb6 27. Bd1 Qc4
28. Be2 Qc7 29. Bd3 Nc4 30. Qe2 a5 31. f4 Be7 32. Bxe7 Qxe7 33. Qg4 g6 34. f5
exf5 35. Bxf5 Re8 36. e6 f6 37. Rbd1 Rbd8 38. Rd4 Ne5 39. Qg3 Kh8 40. Bg4 Kg8
41. Rxe5 fxe5 42. Qxe5 Qd6 43. Qg5 Kg7 44. h4 h6 45. Qe3 Rf8 46. Bf3 Rf5 47. Rd1
Re8 48. Bg4 Rf4 49. Bh3 Rxh4 50. Kg1 Rh5 51. Rf1 Qe5 52. Qa7+ Kh8 53. Qf7 Qe3+
54. Rf2 Qe1+ 55. Rf1 Qe3+ 56. Rf2 Rg8 57. Kh2 Qe5+ 58. Kg1 Qe1+ 59. Rf1 Qe3+ 60.
Rf2 Qe1+ 61. Rf1 Qe3+ 62. Rf2 Rg7 63. Qf8+ Kh7 64. Qf6 Qg5 65. Qf3 Rh4 66. Qd3
Qe5 67. Rd2 Re4 68. Rd1 Re7 69. Qxb5 Re3 70. Qf1 Rxh3 71. gxh3 Qxe6 72. Rd3 Rf7
73. Rf3 Qb6+ 74. Kh1 Rg7 75. Qf2 Qe6 76. Re3 Qd7 77. Rd3 Rf7 78. Qg2 Qe6 79. Rf3
Qe1+ 80. Kh2 Qe5+ 81. Kh1 Qe1+ 82. Kh2 Qe5+ 83. Kh1 Re7 84. Qf2 Qe6 85. Kh2 h5
86. Qg2 Qd6+ 87. Kh1 d4 88. cxd4 Qxd4 89. Qf1 Qxb2 90. Rf7+ Rxf7 91. Qxf7+ Qg7
92. Qf3 Qe5 93. Qf7+ Kh6 94. Qf8+ Kg5 95. Qd8+ Kf4 96. Qd2+ Kf5 97. Qf2+ Kg5 98.
Qd2+ Kh4 99. Qf2+ Qg3 100. Qf6+ Kxh3 101. Qf1+ Kg4 102. Qc4+ Qf4 103. Qe6+ Qf5
104. Qc4+ Kg3 105. Qc7+ Qf4 0-1

[Event "TCh-FRA Top 12 2021"]
[Site "Chalons en Champagne FRA"]
[Date "2021.07.01"]
[Round "8.5"]
[Board "8"]
[White "Moracchini, Margaux"]
[Black "Auvray, Juliette"]
[Result "0-1"]
[WhiteElo "1933"]
[BlackElo "2010"]
[WhiteTeam "Echiquier Chalonnais"]
[BlackTeam "Club 608 Paris"]
[WhiteFideId "36018198"]
[BlackFideId "695904"]
[EventDate "2021.06.24"]

1. e4 c5 2. Nf3 d6 3. d4 cxd4 4. Qxd4 Nc6 5. Bb5 Bd7 6. Bxc6 Bxc6 7. Nc3 Nf6 8.
Bg5 e6 9. O-O-O Be7 10. Qd3 O-O 11. Nd4 Rc8 12. f4 Qa5 13. Nb3 Qc7 14. Bh4 b5
15. Nd4 b4 16. Nxc6 Qxc6 17. Bxf6 Bxf6 18. Nb5 Rcd8 19. Nxd6 Be7 20. e5 Qxg2 21.
Kb1 Qc6 22. Rhg1 g6 23. f5 exf5 24. Nxf5 Qe6 25. Nh6+ Kg7 26. Nf5+ Kh8 27. Nd4
Qxe5 28. Nc6 Rxd3 29. Nxe5 Rxd1+ 30. Rxd1 Kg7 31. Rd7 Rd8 32. Rxd8 Bxd8 33. Nc6
Bc7 34. Nxa7 Bxh2 35. Nc6 Bd6 36. c3 bxc3 37. b4 h5 38. b5 h4 39. Nd4 h3 40. Nf3
g5 41. a4 Bc7 42. Kc2 g4 43. Nh2 g3 0-1

[Event "TCh-FRA Top 12 2021"]
[Site "Chalons en Champagne FRA"]
[Date "2021.07.01"]
[Round "8.6"]
[Board "1"]
[White "Duboue, Peio"]
[Black "Alekseenko, Kirill"]
[Result "0-1"]
[WhiteTitle "FM"]
[BlackTitle "GM"]
[WhiteElo "2412"]
[BlackElo "2699"]
[WhiteTeam "Echiquier de l'Erdre"]
[BlackTeam "Asnieres Le Grand Echiquier"]
[WhiteFideId "654833"]
[BlackFideId "4135539"]
[EventDate "2021.06.24"]

1. e4 g6 2. d4 Bg7 3. Nf3 c6 4. c4 d6 5. Nc3 Nf6 6. Bf4 O-O 7. h3 Nbd7 8. e5 Ne8
9. Bd3 c5 10. exd6 Nxd6 11. d5 Nb6 12. Bxd6 exd6 13. O-O Nd7 14. Qb3 Nf6 15.
Rfe1 Rb8 16. Bf1 a6 17. a4 b6 18. Re3 Bh6 19. Re2 Rb7 20. Rae1 Bg7 21. Re3 Nd7
22. g3 Ne5 23. Nd2 g5 24. Qd1 f5 25. Qh5 f4 26. Bd3 Nxd3 27. Rxd3 Bf5 28. Nce4
Bg6 29. Qg4 Re7 30. f3 h5 31. Qxg5 Rxe4 32. Nxe4 Qxg5 33. Nxg5 Bxd3 34. Ne6 Re8 0-1

[Event "TCh-FRA Top 12 2021"]
[Site "Chalons en Champagne FRA"]
[Date "2021.07.01"]
[Round "8.6"]
[Board "2"]
[White "Oparin, Grigoriy"]
[Black "Hutois, Mickael"]
[Result "1-0"]
[WhiteTitle "GM"]
[BlackTitle "FM"]
[WhiteElo "2654"]
[BlackElo "2261"]
[WhiteTeam "Asnieres Le Grand Echiquier"]
[BlackTeam "Echiquier de l'Erdre"]
[WhiteFideId "24125890"]
[BlackFideId "652091"]
[EventDate "2021.06.24"]

1. d4 Nf6 2. c4 e6 3. Nf3 Bb4+ 4. Nbd2 b6 5. g3 Bb7 6. Bg2 c5 7. a3 Bxd2+ 8.
Qxd2 cxd4 9. Qxd4 O-O 10. O-O Nc6 11. Qf4 d5 12. b4 dxc4 13. Bb2 c3 14. Bxc3 Nd5
15. Qd2 Nxc3 16. Qxc3 Qf6 17. Qe3 Ne7 18. Rac1 Rac8 19. h4 h6 20. Qd4 Rfd8 21.
Qxf6 gxf6 22. e3 Rd3 23. Rxc8+ Nxc8 24. Rc1 Nd6 25. Ne1 Rd2 26. Bxb7 Nxb7 27.
Nf3 Rd7 28. Kf1 Nd6 29. Ke2 Ne4 30. g4 e5 31. h5 a5 32. Rc8+ Kh7 33. Rc4 Nd6 34.
Rc6 axb4 35. axb4 Ne4 36. Rc4 Nd6 37. Rc2 Ra7 38. Nh4 f5 39. Nxf5 Nxf5 40. gxf5
Ra4 41. Rc4 Kg7 42. Kf3 b5 43. Rc6 Rxb4 44. f6+ Kh7 45. Rc7 Rh4 46. Rxf7+ Kg8
47. Re7 e4+ 48. Kg3 Rxh5 49. Kf4 Rh2 50. Kf5 Rh5+ 51. Kxe4 1-0

[Event "TCh-FRA Top 12 2021"]
[Site "Chalons en Champagne FRA"]
[Date "2021.07.01"]
[Round "8.6"]
[Board "3"]
[White "Eugene, Floryan"]
[Black "Moussard, Jules"]
[Result "1/2-1/2"]
[WhiteTitle "FM"]
[BlackTitle "GM"]
[WhiteElo "2343"]
[BlackElo "2635"]
[WhiteTeam "Echiquier de l'Erdre"]
[BlackTeam "Asnieres Le Grand Echiquier"]
[WhiteFideId "20694784"]
[BlackFideId "642908"]
[EventDate "2021.06.24"]

1. e4 g6 2. d4 Bg7 3. Nc3 d6 4. Be3 a6 5. Qd2 b5 6. O-O-O Bb7 7. f3 Nd7 8. h4 h6
9. Nce2 Ngf6 10. g4 Nb6 11. Ng3 e6 12. g5 hxg5 13. hxg5 Nh7 14. Nh3 Qe7 15. Be2
O-O-O 16. Rh2 f5 17. gxf6 Nxf6 18. Rdh1 Nfd7 19. Nf2 Rxh2 20. Rxh2 Rh8 21. Rxh8+
Bxh8 22. Ng4 Qf7 23. b3 Nf6 24. Nxf6 Bxf6 25. Nh1 Bh4 26. Bd1 Nd7 27. Nf2 Be7
28. Nh3 Nf8 29. c3 Qh7 30. Qg2 Qh4 31. Nf2 g5 32. Be2 Ng6 33. Qg4 Kd7 34. Bf1
Qxg4 35. Nxg4 Nh4 36. Be2 Ng2 37. Kd2 Nxe3 38. Kxe3 c5 39. dxc5 dxc5 40. c4 Kc6
41. cxb5+ axb5 42. a4 bxa4 43. bxa4 Bd6 44. Bb5+ Kb6 45. Kd3 Bf4 46. Nf6 Bc8 47.
Kc4 Be3 48. Nd7+ 1/2-1/2